[Event "Tata Steel Chess - Masters"]
[Site "?"]
[Date "2016.01.29"]
[Round "11.6"]
[White "Tomashevsky, Evgeny"]
[Black "Ding, Liren"]
[Result "0-1"]
[WhiteElo "2728"]
[BlackElo "2766"]
[EventDate "2016.??.??"]
[Annotator "Bojkov,Dejan"]
[PlyCount "106"]
[Beauty "6808596955144"]
[EventType "team-tourn"]
[WhiteClock "0:01:00"]
[BlackClock "0:32:18"]

1.d4 d5 2.c4 e6 3.Nf3 Nf6 4.g3 Bb4+ 5.Bd2 Be7 6.Bg2 O-O 7.O-O c6 8.Bf4 Nbd7 9.Nc3 dxc4 10.e4 {In this line of the Catalan, just like in some lines of the Slav White gets strong center and possibilities for kingside attack in return for the pawn.} 10...Re8 ( {Another treatment of the position is} 10...b5 11.d5 Qb6 12.Be3 Bc5 13.dxc6 Qxc6 14.e5 Nd5 {Matlakov,M (2684)-Grandelius,N (2632) Doha 2015} ) 11.a4 b6 12.Qe2 Ba6 13.Rfd1 {So far Tomahsevsky is simply improving his pieces. He has plenty of pleasant things to do-prepare central break, advance the kingside pawns or go for the c4 one. Ding is under pressure.} 13...Bb4 14.Ne1 Qc8 15.Nc2 Bf8 16.Ne3 {Straight to the pawn...A novelty in comparison to an email game that went} ( 16.e5 Nd5 17.Qh5 f5 18.Ne3 Bb4 19.Ncxd5 cxd5 {Seemingly Black is just a pawn up, but White uncorked his idea} 20.Nxd5 exd5 21.Bxd5+ Kh8 22.Qxf5 Bb7 23.Bxb7 Qxb7 24.Qf7 {with double edged play and initiative that compensates for the piece, Lecroq,M (2604)-Serban,F (2623) ICCF email 2012} ) 16...e5 {Ding uses the moment to relieve his position a bit.} ( {Black cannot keep the extra pawn} 16...b5 17.axb5 cxb5 18.e5 ) 17.dxe5 Nxe5 18.Bxe5 Rxe5 19.f4 {So, it was not the pawn that was that interesting after all. Naturally, Tomashevsky expands in the center.} 19...Re8 20.e5 Qe6 ( {In case of the preliminary} 20...Bc5 21.Kh1 {Black will have to play} 21...Qe6 {nevertheless, as the retreat} ( 21...Nd7 $2 {simply loses to} 22.Bh3 ) ) 21.Kh1 Nd7 22.Nc2 $1 {As a result of his opening novelty the Russian champion got a powerful grip of the center. Ding has to play extremely carefully.} 22...Nc5 ( {The passive defense will not work} 22...Bb7 $6 23.Nd4 Qg6 24.Qxc4 ) 23.Nd4 Qc8 24.Bxc6 Nd3 ( {White will have slight but durable advantage after} 24...Bb7 25.Bxb7 ( 25.Bg2 Bxg2+ 26.Kxg2 ) 25...Qxb7+ 26.Qg2 Qxg2+ 27.Kxg2 ) 25.Qf3 ( 25.Bxa8 $2 {I am pretty sure that Tomashevsky did not even consider} 25...Qxa8+ 26.Nf3 {The fancy} ( 26.Kg1 Bc5 ) 26...g5 $5 ( {Or the solid} 26...f6 $5 {will both do.} ) ) 25...Rb8 26.Rd2 Bb7 27.Rf1 {Up to here White played flawlessly, but this overcatious move lets the advantage slip away. Better was} ( 27.Nd5 Bc5 ( {The tactical justifocation of the move is} 27...Bxc6 28.Nxc6 Qxc6 $2 29.Ne7+ ) 28.Bxb7 Rxb7 29.Nb5 {with advantage. White is ready to undermine the black knight after b2-b3.} ) 27...Rd8 28.Bxb7 Rxb7 29.Nf5 Rc7 ( {Also good was} 29...a6 ) 30.Ne3 {If} ( 30.Nb5 {Black can sacrifice the exchange} 30...Qxf5 31.Nxc7 Rd7 {When the obvious} 32.Nb5 $2 {loses due to the beautiful tactics} ( 32.Nd5 Qe6 33.Nc3 Nxe5 34.Qg2 Rxd2 35.Qxd2 {Instead} 35...Nd3 {gives enough compensation for the exchange to Black, but nothing more.} ) 32...Ne1 $1 33.Qe2 Rxd2 34.Qxd2 Qe4+ 35.Kg1 Bc5+ 36.Rf2 Qg2# ) 30...Qe6 31.Ne4 {Stronger was} ( 31.Ncd5 $1 {with the idea} 31...Rcd7 32.b3 $1 Rxd5 33.Nxd5 Qxd5 ( 33...Rxd5 $2 34.bxc4 {drops the kngiht.} ) 34.Qxd5 Rxd5 35.bxc4 Rd8 36.Rfd1 {White does not win material here, on the contrary-} 36...Nf2+ 37.Kg2 Nxd1 38.Rxd8 Ne3+ 39.Kf3 Nxc4 {But the arising endgame is in his favour-} 40.Ke4 {His two remaining units are too strong.} ) 31...h6 32.Rc2 Rcc8 ( 32...a6 33.b3 b5 34.axb5 axb5 35.bxc4 bxc4 {is a bit better for Black but most likely a draw.} ) 33.Re2 a6 34.g4 Nc5 35.Nc3 Rd3 {Little by little Ding reveals the potential of his position-the open "d" file, the strong light pieces and the queenside majority. To cut the story short-if Black is not getting mated in the middlegame he has fun in the endgame.} 36.Qg2 Rcd8 37.f5 Qxe5 38.Nxc4 Qf6 39.Ne5 R3d6 40.Nf3 {Tomashevsky goes for solid defense but Ding's resources are not over yet.} 40...b5 $1 {A nice winning try.} 41.axb5 axb5 42.Nxb5 Rd1 43.Nc3 ( {Perhaps White needed to go to complete passivity, btu to trade the rooks} 43.Rxd1 Rxd1+ 44.Re1 Rxe1+ 45.Nxe1 Qe5 46.Nf3 Qe3 47.Ng1 Qc1 48.Nd4 Nd3 49.Qf3 {followed by Nd4-e2.} ) 43...Rxf1+ 44.Qxf1 Qc6 {The vulnerable white king is in trouble, therefore the b pawn is of no great importantce.} 45.Re3 {Once more trading pieces would do better} ( 45.Qg2 Nd3 46.Ne1 Qxg2+ 47.Nxg2 Bc5 48.Ne4 Bb6 {and White should survive.} ) 45...Rb8 46.Qg2 Qa6 47.Ne4 Nxe4 48.Rxe4 Rb3 49.Re1 Qb5 50.Nd4 ( 50.Re2 {looks more solid.} ) 50...Qb4 51.Qe4 {Ding made a lot of progress.} ( {Still, keeping the knight closer to his king was a better idea} 51.Nc2 Qb6 52.Qe4 Rxb2 53.Ne3 ) 51...Rxb2 52.f6 $2 {The losing mistake. Instead} ( 52.Nf3 Qc5 53.Rb1 Ra2 {will leave White suffering, but fighting.} ) 52...Qd6 $1 53.Qe5 ( 53.Nf3 Qxf6 {was not White's idea obviously.} ) 53...Rb1 $1 {This is what Tomashevsky had missed. He loses at least a piece and resigned due to:} ( 53...Rb1 54.Kg2 ( 54.Qxd6 Rxe1+ ) ( 54.Rxb1 Qxe5 ) 54...Rxe1 55.Qxe1 Qxd4 ) 0-1

[Event "Tata Steel Chess - Masters"]
[Site "?"]
[Date "2016.01.31"]
[Round "13.5"]
[White "Tomashevsky, Evgeny"]
[Black "Caruana, Fabiano"]
[Result "1-0"]
[WhiteElo "2728"]
[BlackElo "2787"]
[EventDate "2016.??.??"]
[Annotator "Bojkov,Dejan"]
[PlyCount "125"]
[Beauty "6256962047498"]
[EventType "team-tourn"]
[WhiteClock "0:14:04"]
[BlackClock "0:17:04"]

1.d4 Nf6 2.c4 e6 3.Nc3 Bb4 4.e3 b6 5.Ne2 c5 {With this move order Black mostly chooses to develop the bishop instead} ( 5...Ba6 ) ( {Or} 5...Bb7 ) 6.a3 Ba5 7.Rb1 Na6 8.Ng3 {This is relatively rare. Both} ( 8.Bd2 ) ( 8.g3 {are more common.} ) 8...Bb7 9.f3 O-O 10.Bd3 d5 11.O-O cxd4 ( {Safer looks to get rid of the bishop with} 11...dxc4 12.Bxc4 Bxc3 13.bxc3 Rc8 14.Qe2 Nb8 15.Bb2 Nd5 {as in Hawkins,J (2511)-Adams,M (2752) England 2014} ) 12.Nb5 $1 {Now b2-b4 is a constant threat.} 12...dxc4 13.Bxc4 Rc8 14.Qe2 ( {The only predecessor saw quick draw after:} 14.Bd3 Nc5 15.b4 Nxd3 16.Qxd3 a6 17.Na7 ( {Although White could have played on with} 17.Nxd4 Bxb4 18.axb4 e5 19.Bb2 ) 17...Ra8 18.bxa5 b5 19.Bb2 {1/2-1/2 (19) Feige,M (2421)-Natsidis,C (2227) Germany 2008} ) 14...Bd5 {Carauana's only chance is in the concrete, tactical play. In case of} ( 14...Nc7 15.b4 Nxb5 16.Bxb5 Nd5 17.bxa5 Nc3 18.Qb2 Nxb1 19.Qxb1 bxa5 {the pieces will be superior to the rook and the pawn in the middlegame.} ) 15.Bxd5 Qxd5 16.e4 {Tomashevsky is trying to win a tempo to finally trap the bishop.} ( 16.b4 $2 d3 ) 16...Qa2 ( {Since} 16...d3 17.exd5 dxe2 18.Nxe2 Nxd5 19.b4 {traps the bishop.} ) 17.Bg5 Rc4 {With the idea Qa2-b3.} ( {White will have strong attack after} 17...Rfd8 18.Nxa7 Rc4 19.Bxf6 gxf6 20.f4 ) ( {The immediate} 17...Qb3 {is met with} 18.Nxd4 Qc4 {When White has a pleasant choice between an endgame} 19.Qf2 ( {And middlegame} 19.Bxf6 gxf6 20.Qe3 b5 21.Rfd1 Bb6 22.Nh5 ) 19...b5 20.Rbc1 Qxd4 21.Qxd4 Bb6 22.Be3 Bxd4 23.Bxd4 {in both cases with clear edge for White.} ) 18.Rbd1 {Renews the threat against the d4 pawn.} ( {Bad is} 18.b4 $2 Rc2 ) ( {However,} 18.Bxf6 gxf6 19.f4 {looked strong as well, when White is clearly on top after} 19...Kh8 20.Nh5 {The main threat is Nb5-d6 followed by Qe2-g4.} 20...Rg8 21.Nxf6 Rg6 22.Nd6 Rc7 23.e5 {when Black is helpless.} ) 18...d3 ( 18...Qb3 19.Nxd4 {is even worse for Black than before.} ) ( {While} 18...e5 19.Bxf6 gxf6 20.Nd6 {will leave Black's position in ruins after} 20...Rc6 21.Qxa6 Rxd6 22.Nf5 Rdd8 23.b4 ) 19.Qxd3 {Time to take stocks. It is obvious that Black's strategy failed. His pieces are all over the place, some of them desperately waiting to leave the board. Tomashevsky regained the pawn and consolidated the position, the win is very close.} 19...Rc5 20.Be3 {A save approach but a shame. White could have won in a study manner:} ( 20.Bxf6 gxf6 21.b4 {This part is obvious. What is not obvious is what to do after} 21...Rc2 {The answer-} 22.Kh1 $1 Rxg2 {and now} 23.Ne2 $3 Qxe2 ( {Or} 23...Rxe2 24.Rg1+ Kh8 25.Qd6 Rg8 26.Rxg8+ Kxg8 27.Qg3+ Kf8 28.Rd8+ Ke7 29.Qd6# ) 24.Rg1 $1 {with picturesque position.} ) 20...Qxb2 21.Bxc5 Nxc5 22.Qe2 Qxe2 23.Nxe2 {Still, White can hardly complain of his position. The extra exchange is good enough for the win.} 23...a6 24.Nd6 b5 25.Nd4 Bb6 26.Kh1 g5 27.Nc6 {These knights deprive Caruana of any counterplay. Tomashevsky has enough time to prepare and wrap up the game.} 27...Kg7 28.g3 h5 29.Rfe1 Na4 30.Rd3 ( {Premature is} 30.f4 Ng4 ) 30...Nc5 31.Rd2 Nb3 32.Rc2 Nc5 33.Kg2 ( 33.Rec1 Nd3 ) 33...Na4 34.Rd1 {White is almost ready to go for f3-f4. Once again there is no need to rush} ( 34.f4 gxf4 35.gxf4 Bc5 ) 34...g4 35.Rd3 Nc5 36.Rd1 Na4 37.h3 gxf3+ ( 37...Nc5 {should not change anything after} 38.e5 gxf3+ 39.Kxf3 Nd5 ) 38.Kxf3 Nh7 39.e5 Bc5 40.Rd3 f6 41.Kg2 $1 {An important prophylactic.} ( 41.exf6+ $6 Nxf6 42.Kg2 Nd5 $1 {would leave Black off the hook.} ) 41...Bb6 ( {Here} 41...fxe5 {is strongly met with} 42.Ne4 $1 ) 42.exf6+ Nxf6 43.Nd4 {Tomashevsky opened the game for the rooks. It is time to break in.} 43...Bxd4 44.Rxd4 Nd5 45.Re4 Rd8 46.Nb7 Rd7 47.Na5 Rd6 48.Rc6 $1 {The remaining rook will feel much better without any competition.} 48...Rxc6 49.Nxc6 Nc5 ( {Or} 49...Kf6 50.Kf3 Nac3 51.Re5 b4 52.axb4 Nxb4 53.Rc5 Nbd5 54.Ra5 ) 50.Re5 Nd3 51.Rg5+ ( {Avoids the little trap} 51.Rxh5 $2 N3f4+ ) 51...Kh6 ( {Or} 51...Kf7 52.Kf3 Ne1+ 53.Kf2 Nc2 54.Rxh5 Nxa3 55.Rh7+ Kf6 56.Ra7 ) 52.Rg8 Ne3+ 53.Kf3 Nc4 54.Nb4 Nde5+ 55.Ke2 a5 ( 55...Nxa3 56.Nxa6 ) 56.Nc2 Nd7 57.Rc8 {Finally, the white rook reaches the queenside pawns.} 57...Kg6 58.Rc7 Nf6 59.Rc6 ( {But not} 59.a4 Nd5 60.Rc6 Nc3+ ) 59...Kf7 60.a4 Nd5 61.axb5 Ne5 62.Ra6 Nc3+ 63.Kf1 {Side-steps the last trap:} ( 63.Kd2 Nxb5 64.Rxa5 $4 Nc4+ ) 1-0

[Event "Tata Steel Chess- Masters"]
[Site "?"]
[Date "2016.01.18"]
[Round "3.5"]
[White "Caruana, Fabiano"]
[Black "Adams, Michael"]
[Result "1-0"]
[WhiteElo "2787"]
[BlackElo "2744"]
[EventDate "2016.??.??"]
[Annotator "Bojkov,Dejan"]
[PlyCount "127"]
[Beauty "6190142591504"]
[EventType "game"]
[WhiteClock "0:18:28"]
[BlackClock "0:28:49"]

1.d4 Nf6 2.c4 e6 3.Nc3 Bb4 4.Nf3 b6 5.e3 Bb7 6.Bd3 O-O 7.O-O d5 {The Nimzo-Indian defense had served well the English top GM, but this particular line had rarely occured in his games. Here he deviates from his early predecessor} ( 7...c5 8.Na4 cxd4 9.a3 Bd6 10.exd4 Bxf3 11.Qxf3 Nc6 12.Be3 e5 13.c5 exd4 14.cxd6 dxe3 15.Qxe3 Re8 {as in Arnaudov,P (2471)-Adams,M (2720) Eilat 2012} ) 8.cxd5 exd5 9.Ne5 Nbd7 10.f4 c5 11.Ne2 c4 ( {Black can also capture on d4} 11...cxd4 12.exd4 Be7 13.Be3 Ne4 14.Rc1 Ndf6 {which leads to slightly passive, but defendable position, Lysyj,I (2684)-Efimenko,Z (2641) Bilbao 2014} ) 12.Bf5 {After seven minutes of thought Adams came with a strong novelty} 12...g6 {Caruana sank into deep thought and came up with} ( {Prior to this game Black had only tested} 12...b5 13.b3 ( 13.a4 $5 ) 13...Nb6 14.Rb1 Qd6 15.Ng3 Rfe8 {with unclear game, Gschnitzer,O (2475)-Piskov,Y (2520) Germany 1993} ) 13.Qa4 {This looks dubious to me. White's hopes of an advantage will be most likely connected with the retreat} ( 13.Bc2 ) 13...gxf5 14.Qxb4 Ne4 {As a result we have a situation similar to the game Bok-L'Ami from yesterday. The knight on e4 is the king of the board, while the one on e5 will soon have to step back after f7-f6.} 15.a4 f6 16.Nf3 ( {Black's play is very easy after} 16.Nxd7 Qxd7 {but objectively speaking this might have been stronger than the text move.} ) 16...Nb8 $1 {The second knight is heading towards the d3 or b3 outposts via b4 or a5 squares. The opening was huge success for Adams who firmly took command of the game.} 17.Qe1 Nc6 18.Bd2 Kh8 {The only place where White can show some activity is the king's flank. , but Black can also make good use of the half-open "g" file.} 19.Nh4 Qd7 20.Nc3 Rae8 {Adams wants to keep the e4 square available for his pieces. Another idea was:} ( 20...Nb4 21.Nxe4 Nd3 ( {Rather than} 21...Nc2 22.Qd1 Nxa1 23.Ng3 Nb3 24.Bb4 {when the white light pieces come into life.} ) 22.Nxf6 ( 22.Qe2 fxe4 ) 22...Rxf6 23.Qe2 Re8 {when Black will return the pawn with some advantage} 24.Bc3 Qe6 ) 21.Nxe4 Rxe4 22.Qd1 Rg8 {With the idea Rg8-g4.} 23.Qh5 {Caruana did great under the circumstances and created his own play on the kingside. Still, it should not be sufficient for full equality.} 23...Bc8 24.Rf3 Qe8 25.Qh6 {Places the queen in a very dangerous position.} ( {The endgame deprives White of his attacking chances.} 25.Qxe8 Rgxe8 ) 25...Qf7 {Adams intends Nc6-e7, Rg8-g7(g4) and Ne7-g8 to trap the queen.} 26.b4 $1 {Caruana secures some squares for his dark-squred bishop as otherwise Black can simply play a7-a5 in a certain moment.} ( 26.Rg3 Ne7 27.Nf3 Rg4 {is good for Black.} ) 26...Ne7 ( {Perhaps} 26...cxb3 27.Rh3 ( 27.Rc1 Bd7 ) 27...Bd7 28.Rb1 Ne7 29.Rxb3 Rg7 {was simpler and better.} ) 27.Rh3 Rg4 {Adams had an interesting idea instead:} ( 27...c3 $1 {with the tactical point} 28.Bxc3 $2 ( {Objectively best according to the computer is} 28.Bc1 {where the bishop is obviously badly misplaced.} ) ( {Black is clearly better after} 28.Be1 Rg4 29.Nf3 Bd7 {Prepares the capture on e3.} ( {But not the hasty} 29...Rxe3 $2 30.Ng5 $1 Rxe1+ 31.Rxe1 fxg5 32.Rxc3 {when all of a sudden Black can not adequately meet the threats Rc3-c7 and Re1xe8+.} ) 30.Rc1 ( 30.Bf2 Be8 31.Rg3 Ng8 32.Qh3 Qe7 ) 30...Rxe3 31.Ng5 Rxe1+ 32.Rxe1 fxg5 ) 28...Rg4 29.Nf3 Ng8 30.Qh5 Qxh5 31.Rxh5 Rxe3 {and double attack against the light pieces wins one of them.} ) ( 27...Rg7 {was not bad neither.} ) 28.Nf3 Bd7 29.Kf2 Be8 {Instead Black was clearly better after} ( 29...Ng8 $1 30.Qh5 Qg7 31.Rg3 Nh6 {With the threat, say} 32.b5 Rxg3 33.hxg3 Ng4+ 34.Ke2 c3 $1 {and wins.} ) 30.Rg3 Ng8 31.Qh3 Bd7 ( {Here} 31...Qg7 32.Ng1 Nh6 {is not as effective due to} 33.Ne2 ) 32.b5 {The idea behind the b2-b4 move is revealed. The bishop can finally breath.} 32...Re8 33.Ng1 $1 {A nice regroupment by White. He intends Bd2-b4 as well as Ng1-e2-c3. More importantly- he opened the f3 square for his rook.} 33...a5 ( {If Black tries to reroute his knight to e4 with} 33...Ne7 34.Ne2 Nc8 {then} 35.Bb4 {comes just in time.} ) ( {Similar is} 33...Ra8 34.Ne2 a6 ) 34.bxa6 Ra8 35.Ne2 Rxa6 36.Bb4 Kg7 ( {The black king migth be vulnerable as the following line shows} 36...b5 37.a5 Ne7 38.Rb1 Nc6 39.Be1 b4 40.Bxb4 Nxb4 41.Rxb4 Rxa5 42.Rxg4 fxg4 43.Qh6 ) ( 36...h5 37.Nc3 ) ( {Perhaps it was time to secure half a point with} 36...Rxa4 37.Rxa4 Rxg3 38.Nxg3 Bxa4 39.Qxf5 ) 37.Nc3 h5 38.Kg1 {Opens the road for the kingside rook.} ( 38.Rf3 {at one was more precise.} ) 38...Nh6 $6 {After this the white rook gets back into play and tables are turned into Caruana's favour. There was better idea:} ( 38...Ne7 39.Bxe7 ( 39.Rf3 Nc6 ) 39...Qxe7 {When tactics seem to work for Black} 40.Nxd5 ( 40.Qxh5 $2 Rxg3 41.hxg3 Qxe3+ ) 40...Qe4 41.Nc3 Qc2 42.e4 b5 $1 {and it seems as Black is happier thanks to his more active queen.} ) 39.Rf3 $1 {Now that the rook comes out of the prison it becomes clear that the one on g4 is lost in the translation.} 39...Ra8 40.Rf2 Kh7 41.Qf3 {It was not only the rook that came into the game...} 41...Bc6 42.Rb2 h4 43.Ba3 {Black has too many things to worry about- b6, d5, f5 and h4 pawns are too weak.} 43...Rag8 ( 43...Bxa4 44.Qxd5 ) 44.Kh1 Ba8 45.Rg1 Qe6 46.Rb5 R4g7 47.Bc1 $1 {The bishop looked active on a3, but on e1 it will become and effective piece.} 47...Rg6 48.Bd2 R8g7 49.Rb2 Nf7 50.h3 {The weaknesses can no longer be held.} 50...Rg3 ( 50...Nh6 51.Be1 $1 ) ( 50...Rh6 51.Rgb1 $1 ) 51.Qh5+ Nh6 52.Qxh4 Qg8 53.Be1 R3g6 54.Qh5 ( {White could have taken the pawn at once, but Caruana knows it has nowhere to go} 54.Rxb6 Rxg2 55.Rxg2 Rxg2 56.Bf2 ) 54...Re7 55.Bf2 Reg7 56.Qf3 Qd8 57.Bh4 Qd6 58.Rgb1 {It is amazing how quickly Black's promising position detoriated...} 58...Qa3 59.Be1 Qe7 60.g3 Nf7 61.Rxb6 Rh6 62.Ra6 Qe8 63.Kg2 Qc8 64.Rbb6 1-0